00257nam a2200109Ia 4500008004100000041000800041100001900049245002500068260003300093300000800126650001300134240614s9999 xx 000 0 und d aeng aBhagat, Chetan aMaking India Awesome bRupa Publicationc2015aPune a177 aGeneral